Pokémon, die mit C beginnen - Statistiken

Allgemein
  • Dieses Quiz wurde 27 mal gespielt
  • Das Durchschnittsergebnis liegt bei 21 aus 34
Antwortstatistiken
Nr. Typ Name % Korrekt
113 Normal Chaneira
94%
387 Pflanze Chelast
94%
322 Feuer, Boden Camaub
83%
323 Feuer, Boden Camerupt
83%
388 Pflanze Chelcarain
83%
810 Pflanze Chimpep
83%
389 Pflanze, Boden Chelterrar
78%
488 Psycho Cresselia
72%
251 Psycho, Pflanze Celebi
67%
545 Käfer, Gift Cerapendra
67%
431 Normal Charmian
67%
811 Pflanze Chimstix
67%
741 Feuer, Flug Choreogel
67%
707 Stahl, Fee Clavion
67%
558 Käfer, Gestein Castellith
61%
573 Normal Chillabell
61%
222 Wasser, Gestein Corasonn
61%
625 Unlicht, Stahl Caesurio
56%
687 Unlicht, Psycho Calamanero
56%
951 Pflanze Chilingel
56%
770 Geist, Boden Colossand
56%
789 Psycho Cosmog
56%
790 Psycho Cosmovum
56%
829 Pflanze Cottini
56%
830 Pflanze Cottomi
56%
764 Fee Curelei
56%
589 Käfer, Stahl Cavalanzas
50%
676 Normal Coiffwaff
50%
936 Feuer, Psycho Crimanzo
50%
673 Pflanze Chevrumm
44%
1001 Unlicht, Pflanze Chongjian
44%
997 Drache, Eis Cryospino
44%
898 Psycho, Pflanze Coronospa
39%
905 Fee, Flug Cupidos
39%
Keine übereinstimmenden Quizze gefunden
Verteilung der Resultate
Anzahl Personen mit jedem Resultat
Perzentil nach korrekt beantworteten Fragen
Ihre Resultats-Entwicklung
Sie haben dieses Quiz noch nicht gespielt